The liberal imagination : (Record no. 9333)
[ view plain ]
| 000 -LEADER | |
|---|---|
| fixed length control field | 00834cam a2200277 i 4500 |
| 001 - CONTROL NUMBER | |
| JCCL Control Number | 9333 |
| 003 - CONTROL NUMBER IDENTIFIER | |
| JCCL marc code | BD-JhCC |
| 005 - DATE AND TIME OF LATEST TRANSACTION | |
| control field | 20180313094127.0 |
| 008 - FIXED-LENGTH DATA ELEMENTS--GENERAL INFORMATION | |
| fixed length control field | 790105t19791950nyu b 000 0 eng |
| 020 ## - INTERNATIONAL STANDARD BOOK NUMBER | |
| International Standard Book Number | 0151511977 : |
| Terms of availability | $10.00 |
| 035 ## - SYSTEM CONTROL NUMBER | |
| system control number | (BD-JhCC)9333 |
| 040 ## - CATALOGING SOURCE | |
| Original cataloging agency | DLC |
| Transcribing agency | DLC |
| Modifying agency | DLC |
| -- | BD-JhCC |
| 041 ## - LANGUAGE CODE | |
| Language code of Book | eng |
| 050 00 - LIBRARY OF CONGRESS CALL NUMBER | |
| Classification number | PS3539.R56 |
| Item number | L5 1979 |
| 082 00 - DEWEY DECIMAL CLASSIFICATION NUMBER | |
| Classification number | 814/.5/2 |
| Author mark and Year | TRI 1950 |
| 100 1# - MAIN ENTRY--PERSONAL NAME | |
| Personal name | Trilling, Lionel, |
| Dates associated with a name | 1905-1975. |
| 245 14 - TITLE STATEMENT | |
| Title | The liberal imagination : |
| Remainder of title | essays on literature and society / |
| Statement of responsibility, etc | Lionel Trilling. |
| 250 ## - EDITION STATEMENT | |
| Edition statement | Uniform ed. |
| 260 ## - PUBLICATION, DISTRIBUTION, ETC. (IMPRINT) | |
| Place of publication, distribution, etc | New York : |
| Name of publisher, distributor, etc | Harcourt Brace Jovanovich, |
| Date of publication, distribution, etc | [1979] c1950. |
| 300 ## - PHYSICAL DESCRIPTION | |
| Pagination | [18], 284 p. ; |
| Dimensions | 21 cm. |
| 490 1# - SERIES STATEMENT | |
| Series statement | The Works of Lionel Trilling |
| 504 ## - BIBLIOGRAPHY, ETC. NOTE | |
| Bibliography, etc | Bibliography: 15th-16th prelim. pages. |
| 650 #0 - SUBJECT ADDED ENTRY--TOPICAL TERM | |
| Topical term or geographic name as entry element | Literature and society. |
| 942 ## - ADDED ENTRY ELEMENTS (KOHA) | |
| Source of classification or shelving scheme | Dewey Decimal Classification |
| Koha item type | Books |
| Source of classification or shelving scheme | Damaged status | Not for loan | Home library | Current library | Shelving location | Total Checkouts | Full call number | Barcode | Date last seen | Copy number | Koha item type |
|---|---|---|---|---|---|---|---|---|---|---|---|
| Dewey Decimal Classification | JCC Rouf Library | JCC Rouf Library | General Stacks | 814/.5/2 TRI 1950 | 12526 | 03/13/2018 | C - 1 | Books |